[Event "DVM U14 2010"]
[Site "Magdeburg GER"]
[Date "2010.12.27"]
[Round "2"]
[White "Siegemund, Georg"]
[Black "Le Hong, Quang Anh"]
[Result "1-0"]
[Termination "normal"]
[Board "4.4"]
[WhiteElo "1510"]
[BlackElo "1492"]
[WhiteTeam "SC GW Baumschulenweg"]
[BlackTeam "SV Merseburg"]
[PlyCount "95"]
[BlackFideId "12927589"]
[EventCountry "GER"]
[EventRounds "7"]
[EventType "team-swiss"]
[EventDate "2010.12.26"]

1. d4 Nf6 2. c4 g6 3. Nc3 Bg7 4. e4 d6 5. Nf3 O-O 6. Bg5 c6 7. Qc2 Qc7 8. Rc1
Nbd7 9. Be2 b6 10. O-O Bb7 11. Qd2 Rac8 12. Ne1 e5 13. d5 cxd5 14. cxd5 Nc5 15.
Bxf6 Bxf6 16. Bg4 Rcd8 17. b4 Nd7 18. Nb5 Qb8 19. a4 a6 20. Nc3 Be7 21. Nd3 f5
22. exf5 gxf5 23. Bh3 Qa8 24. Rfe1 Bxd5 25. Nxe5 dxe5 26. Nxd5 Bd6 27. Qg5+ Kh8
28. Nc7 Bxc7 29. Rxc7 Qd5 30. Qe7 Rfe8 31. Qh4 Rg8 32. g3 Rdf8 33. Qh5 Rg7 34.
Bxf5 Nf6 35. Qh6 Rff7 36. Rxf7 Rxf7 37. Qe3 Rb7 38. Qxe5 Qxe5 39. Rxe5 b5 40.
axb5 Rxb5 41. Rxb5 axb5 42. Be6 Kg7 43. f3 Ne8 44. Kf2 Kf6 45. Bd7 Nd6 46. Ke3
Ke5 47. f4+ Kd5 48. Kd3 1-0

[Event "DVM U14 2010"]
[Site "Magdeburg GER"]
[Date "2010.12.27"]
[Round "2"]
[White "Neef, Maximilian"]
[Black "Sawlin, Leonid"]
[Result "1/2-1/2"]
[Termination "normal"]
[Board "5.1"]
[WhiteElo "2003"]
[BlackElo "1940"]
[WhiteTeam "USV TU Dresden"]
[BlackTeam "TuS Makkabi Berlin"]
[PlyCount "171"]
[WhiteFideId "24692085"]
[BlackFideId "4689542"]
[EventCountry "GER"]
[EventRounds "7"]
[EventType "team-swiss"]
[EventDate "2010.12.26"]

1. Nf3 d5 2. d4 c5 3. c4 cxd4 4. Qxd4 Nf6 5. cxd5 Qxd5 6. Qxd5 Nxd5 7. Bd2 Nc6
8. Nc3 Be6 9. Ng5 Nxc3 10. Nxe6 Nd5 11. Nxf8 Rxf8 12. Rc1 Nf6 13. Bc3 e5 14. e3
a6 15. Bc4 Ke7 16. Ke2 Rfd8 17. Rhd1 Ne4 18. Be1 Nf6 19. a3 Rd7 20. Bb3 Rc8 21.
Bb4+ Ke8 22. Rxd7 Nxd7 23. Bc3 Nc5 24. Ba2 Na4 25. Bd2 Rd8 26. Rc2 Rc8 27. Bb3
Nb6 28. Bc3 Nd7 29. Rd2 Nb6 30. g4 Rc7 31. g5 Nc8 32. Kf3 f5 33. gxf6 gxf6 34.
Rd1 Rg7 35. Be6 N8a7 36. a4 Nd8 37. Bc4 Nac6 38. Bd5 Rd7 39. Bb3 Rg7 40. Bc4
Nf7 41. Bd5 Ng5+ 42. Ke2 Nd8 43. f4 Ngf7 44. Kf3 Rg6 45. Rd2 Ke7 46. b4 Rh6 47.
Kg2 Rg6+ 48. Kf2 Rh6 49. Kg2 Rg6+ 50. Kf1 Rh6 51. b5 Rh3 52. bxa6 bxa6 53. Bb4+
Ke8 54. Bc5 Nh6 55. fxe5 fxe5 56. Rg2 Nf5 57. Ke2 Rh4 58. Bb6 Ne7 59. e4 Ng6
60. Kd2 Rh3 61. Kc2 Rh4 62. Kb3 Rh3+ 63. Kb4 Kd7 64. Rc2 Nf4 65. Rc7+ Kd6 66.
Ra7 Nc6+ 67. Bxc6 Kxc6 68. Rxa6 Nd3+ 69. Ka5 Nc5 70. Bxc5+ Kxc5 71. Rb6 Rxh2
72. Rb5+ Kd4 73. Rb4+ Kc5 74. Rb5+ Kd4 75. Kb6 Kxe4 76. a5 Kd4 77. a6 Rh6+ 78.
Kb7 Rxa6 79. Kxa6 e4 80. Rb4+ Kd3 81. Kb5 e3 82. Rb3+ Kd2 83. Kc4 e2 84. Rb2+
Ke3 85. Rb1 Kf2 86. Kd4 1/2-1/2

[Event "DVM U14 2010"]
[Site "Magdeburg GER"]
[Date "2010.12.27"]
[Round "2"]
[White "Lagunow, Elina"]
[Black "Teich, Thomas"]
[Result "1-0"]
[Termination "normal"]
[Board "5.2"]
[WhiteElo "1759"]
[BlackElo "1629"]
[WhiteTeam "TuS Makkabi Berlin"]
[BlackTeam "USV TU Dresden"]
[PlyCount "71"]
[WhiteFideId "4673387"]
[EventCountry "GER"]
[EventRounds "7"]
[EventType "team-swiss"]
[EventDate "2010.12.26"]

1. Nf3 Nf6 2. g3 g6 3. Bg2 Bg7 4. O-O d6 5. d3 O-O 6. Nbd2 Nbd7 7. c3 e5 8. e4
Nc5 9. Qc2 Nh5 10. b4 Ne6 11. Bb2 c5 12. a3 f5 13. Nc4 Qc7 14. Rac1 Bh6 15. Ne3
f4 16. Nd5 Qf7 17. Rcd1 b6 18. d4 cxd4 19. cxd4 Ba6 20. Rfe1 Rac8 21. Qa4 Bc4
22. dxe5 fxg3 23. fxg3 dxe5 24. Bxe5 g5 25. Ne3 Nf6 26. Nf5 Bg7 27. Nd6 Qg6 28.
Nxc8 Rxc8 29. Nd2 Bd3 30. Qxa7 Rd8 31. Qxb6 Kf7 32. Rc1 Qh5 33. Rc6 Ng4 34. Nf3
Bxe5 35. Rxe6 Nxh2 36. Nxe5+ 1-0

[Event "DVM U14 2010"]
[Site "Magdeburg GER"]
[Date "2010.12.27"]
[Round "2"]
[White "Thamm, Merlin Jannes"]
[Black "Lagunow, Raphael"]
[Result "1-0"]
[Termination "normal"]
[Board "5.3"]
[WhiteElo "1735"]
[BlackElo "1609"]
[WhiteTeam "USV TU Dresden"]
[BlackTeam "TuS Makkabi Berlin"]
[PlyCount "93"]
[WhiteFideId "24695564"]
[BlackFideId "24652644"]
[EventCountry "GER"]
[EventRounds "7"]
[EventType "team-swiss"]
[EventDate "2010.12.26"]

1. e4 c5 2. Nf3 Nc6 3. d4 cxd4 4. Nxd4 g6 5. Nxc6 bxc6 6. Be3 Bg7 7. c3 Nf6 8.
Bd3 O-O 9. O-O Rb8 10. Qc2 Qc7 11. h3 d5 12. Nd2 Rd8 13. Nb3 Nxe4 14. Bxe4 dxe4
15. Qxe4 Bf5 16. Qf3 e5 17. Rfd1 a5 18. Qe2 Re8 19. Rd2 Rbd8 20. Rad1 Bf6 21.
Qc4 Be6 22. Qa4 Rxd2 23. Rxd2 Bd8 24. Nc5 Bf5 25. b4 Bc8 26. Nb3 axb4 27. cxb4
Qb7 28. Nc5 Qb5 29. Qb3 Be7 30. a4 Qb8 31. Rb2 Rd8 32. b5 Bxc5 33. Bxc5 Be6 34.
Qc2 Bf5 35. Qc1 cxb5 36. Rxb5 Qa8 37. Rb4 Qc6 38. Qe3 e4 39. Bd4 Rc8 40. a5
Qc1+ 41. Qxc1 Rxc1+ 42. Kh2 Rc8 43. a6 e3 44. fxe3 Be4 45. a7 f5 46. Rb8 Rf8
47. Bc5 1-0

[Event "DVM U14 2010"]
[Site "Magdeburg GER"]
[Date "2010.12.27"]
[Round "2"]
[White "Polutskyi, Sergii"]
[Black "Schulte, Heiko"]
[Result "1/2-1/2"]
[Termination "normal"]
[Board "5.4"]
[WhiteElo "1754"]
[BlackElo "1387"]
[WhiteTeam "TuS Makkabi Berlin"]
[BlackTeam "USV TU Dresden"]
[PlyCount "137"]
[WhiteFideId "14129310"]
[EventCountry "GER"]
[EventRounds "7"]
[EventType "team-swiss"]
[EventDate "2010.12.26"]

1. d4 Nf6 2. c4 d6 3. Nf3 Bf5 4. Nc3 Nbd7 5. Bf4 c5 6. e3 Rc8 7. d5 Nb6 8. Nh4
Bd7 9. e4 g6 10. Be2 Bg7 11. O-O O-O 12. Qd2 a6 13. Bh6 Ng4 14. Bxg7 Kxg7 15.
h3 Ne5 16. b3 f6 17. f4 Nf7 18. Nf3 Qc7 19. Bd3 Rfe8 20. Rae1 e5 21. fxe5 dxe5
22. Nh2 Nd6 23. Be2 Rf8 24. Bg4 Bxg4 25. Nxg4 Qe7 26. Qh6+ Kg8 27. Rf3 Nd7 28.
Qh4 Kg7 29. Ref1 Rf7 30. Qg3 Rcf8 31. Ne3 Kh8 32. Qh4 Kg7 33. g4 Qd8 34. a4 b6
35. Qg3 Qe7 36. h4 h6 37. Kh1 Qd8 38. Rd1 Qe8 39. Rg1 Rh8 40. h5 g5 41. Rd1 Qb8
42. Rf2 Rd8 43. Qf3 Nf8 44. Ne2 Kh7 45. Ng3 Kg8 46. Rff1 Rdd7 47. Ngf5 Kh7 48.
Rf2 Qd8 49. Rfd2 Qb8 50. Nxd6 Rxd6 51. Nf5 Rd8 52. d6 Rfd7 53. Qd3 Ne6 54. Qf3
Nf4 55. Qc3 Qb7 56. Qc2 Qc6 57. Ne7 Qb7 58. Nd5 Kg7 59. Nxf4 gxf4 60. Kg2 Kf7
61. Qd3 Qc6 62. Kf3 Rg8 63. Rg2 Ke6 64. Rgd2 Rgd8 65. Qc2 Rxd6 66. Rxd6+ Rxd6
67. Rd5 Ke7 68. Qd3 Ke6 69. Kf2 1/2-1/2

[Event "DVM U14 2010"]
[Site "Magdeburg GER"]
[Date "2010.12.27"]
[Round "2"]
[White "Grigorian, Spartak"]
[Black "Noe, Christopher"]
[Result "1/2-1/2"]
[Termination "normal"]
[Board "6.1"]
[WhiteElo "1869"]
[BlackElo "1859"]
[WhiteTeam "SK Wildeshausen"]
[BlackTeam "SC Eppingen"]
[PlyCount "76"]
[WhiteFideId "24661490"]
[BlackFideId "24692018"]
[EventCountry "GER"]
[EventRounds "7"]
[EventType "team-swiss"]
[EventDate "2010.12.26"]

1. d4 d5 2. c4 e6 3. Nf3 Nf6 4. g3 dxc4 5. Bg2 Bb4+ 6. Bd2 Bxd2+ 7. Nbxd2 O-O
8. O-O Nbd7 9. Nxc4 Qe7 10. Qc2 c5 11. Rfd1 cxd4 12. Nxd4 Qc5 13. Rac1 Nb6 14.
Qb3 e5 15. Ne3 Qa5 16. Qb5 Qxa2 17. Ra1 Qxa1 18. Rxa1 exd4 19. Nd5 Nfxd5 20.
Bxd5 Bd7 21. Qc5 Nxd5 22. Qxd5 Bc6 23. Qxd4 a6 24. Rd1 Rae8 25. e3 Bf3 26. Rc1
h6 27. Qf4 Bc6 28. Kf1 Rc8 29. Ke1 Rfe8 30. h4 Re6 31. Qf5 Rd8 32. Rd1 Red6 33.
Rxd6 Rxd6 34. e4 Bxe4 35. Qc8+ Kh7 36. f3 Bc6 37. Qf5+ Kg8 38. Qc8+ Kh7 1/2-1/2

[Event "DVM U14 2010"]
[Site "Magdeburg GER"]
[Date "2010.12.27"]
[Round "2"]
[White "Hahn, Cedric"]
[Black "Finke, Maurice"]
[Result "1-0"]
[Termination "normal"]
[Board "6.2"]
[WhiteElo "1579"]
[BlackElo "1738"]
[WhiteTeam "SC Eppingen"]
[BlackTeam "SK Wildeshausen"]
[PlyCount "63"]
[WhiteFideId "12910538"]
[BlackFideId "12909580"]
[EventCountry "GER"]
[EventRounds "7"]
[EventType "team-swiss"]
[EventDate "2010.12.26"]

1. e4 c5 2. Nf3 e6 3. Nc3 Nc6 4. Bc4 Qc7 5. O-O a6 6. d4 cxd4 7. Nxd4 b5 8. Bd3
Bb7 9. Nf3 Nf6 10. a3 b4 11. axb4 Bxb4 12. Bd2 O-O 13. Qe2 Ng4 14. g3 Nge5 15.
Nxe5 Nxe5 16. f4 Nxd3 17. cxd3 a5 18. Rfc1 Qd6 19. Be3 Ba6 20. Rd1 f5 21. Qc2
Qc6 22. Rac1 Rac8 23. Qb1 Bxc3 24. Rxc3 Qa4 25. Rdc1 Rxc3 26. Rxc3 fxe4 27.
dxe4 Bb7 28. e5 Qb5 29. Qc2 Qd5 30. Kf1 Qh1+ 31. Bg1 Qf3+ 32. Rxf3 1-0

[Event "DVM U14 2010"]
[Site "Magdeburg GER"]
[Date "2010.12.27"]
[Round "2"]
[White "Duchow, Julien"]
[Black "Essig, Philipp"]
[Result "1/2-1/2"]
[Termination "normal"]
[Board "6.3"]
[WhiteElo "1568"]
[BlackElo "1272"]
[WhiteTeam "SK Wildeshausen"]
[BlackTeam "SC Eppingen"]
[PlyCount "93"]
[EventCountry "GER"]
[EventRounds "7"]
[EventType "team-swiss"]
[EventDate "2010.12.26"]

1. e4 e6 2. d4 d5 3. Nd2 Nf6 4. e5 Nfd7 5. f4 c5 6. Nb3 Nc6 7. Nf3 Qb6 8. c3
Be7 9. Be2 O-O 10. O-O a5 11. a4 cxd4 12. cxd4 f6 13. Be3 fxe5 14. Nxe5 Ndxe5
15. fxe5 Nxe5 16. Rxf8+ Kxf8 17. Bb5 Kg8 18. Qh5 Ng6 19. Rc1 Bf6 20. Rd1 Qd8
21. Nd2 Bd7 22. Bxd7 Qxd7 23. b3 Rc8 24. Qe2 Ne7 25. Nf3 Nf5 26. Bg5 Bxg5 27.
Nxg5 Re8 28. Qe5 Qd6 29. Qxd6 Nxd6 30. Re1 b6 31. Rxe6 Rxe6 32. Nxe6 Nf5 33.
Kf2 h6 34. g4 Ne7 35. Nc7 g5 36. Ke3 Kf7 37. Kd3 Kg6 38. Kc3 h5 39. h3 hxg4 40.
hxg4 Kf6 41. b4 Kg6 42. Ne6 Kf6 43. Nd8 Kg6 44. b5 Kf6 45. Kb3 Ng6 46. Nc6 Ne7
47. Nxe7 1/2-1/2

[Event "DVM U14 2010"]
[Site "Magdeburg GER"]
[Date "2010.12.27"]
[Round "2"]
[White "Bay, Nicolai"]
[Black "Stukenborg, Rudi"]
[Result "0-1"]
[Termination "normal"]
[Board "6.4"]
[WhiteElo "1024"]
[BlackElo "1405"]
[WhiteTeam "SC Eppingen"]
[BlackTeam "SK Wildeshausen"]
[PlyCount "158"]
[WhiteFideId "12927619"]
[BlackFideId "1270497"]
[EventCountry "GER"]
[EventRounds "7"]
[EventType "team-swiss"]
[EventDate "2010.12.26"]

1. e4 e5 2. Nf3 Nc6 3. Bb5 Nf6 4. c3 d6 5. Qe2 Be7 6. O-O O-O 7. Qe3 Ng4 8. Qe2
a6 9. Ba4 b5 10. Bc2 Bb7 11. d4 Nf6 12. Bg5 Re8 13. Rd1 Qc8 14. dxe5 dxe5 15.
Nbd2 h6 16. Be3 Ng4 17. b4 Nxe3 18. Qxe3 Bd6 19. Nb3 Ne7 20. Nc5 Bc6 21. a4 Ng6
22. axb5 axb5 23. Rxa8 Qxa8 24. Ne1 Nf4 25. f3 Ne6 26. Ned3 Qa3 27. Qd2 Nxc5
28. Nxc5 Bxc5+ 29. bxc5 Qxc5+ 30. Kh1 Qe7 31. h3 Qg5 32. Qxg5 hxg5 33. Bb3 Kf8
34. c4 bxc4 35. Bxc4 Ke7 36. Rc1 Bd7 37. Bd5 c6 38. Bb3 f6 39. Rc2 Rc8 40. g4
c5 41. Bc4 Be6 42. Kg2 Bxc4 43. Rxc4 Kd6 44. Kf2 Kc6 45. Ke3 Kb5 46. Rc1 c4 47.
Kd2 Kb4 48. Rb1+ Kc5 49. Kc2 Rc7 50. Kc3 Rd7 51. Rf1 Rd3+ 52. Kc2 Kd4 53. Kb2
c3+ 54. Kc2 Rd2+ 55. Kc1 Kd3 56. f4 Re2 57. fxg5 fxg5 58. Rd1+ Rd2 59. Re1 c2
60. Rf1 Rd1+ 61. Rxd1+ cxd1=Q+ 62. Kxd1 Kxe4 63. Ke2 Kf4 64. Kf2 e4 65. Ke2 e3
66. Ke1 Kf3 67. Kf1 e2+ 68. Ke1 g6 69. Kd2 Kf2 70. Kd3 e1=Q 71. Kc4 Qe5 72. Kd3
Qd5+ 73. Kc3 Qe4 74. Kd2 Qe3+ 75. Kc2 Ke2 76. Kb2 Kd2 77. Kb1 Qb3+ 78. Ka1 Kc2
79. h4 Qb2# 0-1

[Event "DVM U14 2010"]
[Site "Magdeburg GER"]
[Date "2010.12.27"]
[Round "2"]
[White "Meißner, Peter"]
[Black "Kieslich, Aaron"]
[Result "0-1"]
[Termination "normal"]
[Board "7.1"]
[WhiteElo "1571"]
[BlackElo "1831"]
[WhiteTeam "Brackweder SK"]
[BlackTeam "TuS Coswig 1920"]
[PlyCount "113"]
[BlackFideId "1270391"]
[EventCountry "GER"]
[EventRounds "7"]
[EventType "team-swiss"]
[EventDate "2010.12.26"]

1. e4 c5 2. Nf3 d6 3. d4 cxd4 4. Nxd4 Nf6 5. Nc3 a6 6. Bg5 e6 7. f4 Be7 8. Qf3
Qc7 9. O-O-O Nbd7 10. g4 b5 11. Bxf6 Bxf6 12. g5 Bd8 13. Qg3 b4 14. Nce2 Bb7
15. Bg2 Rc8 16. Rd2 Nc5 17. Qe3 O-O 18. Ng3 Nd7 19. h4 Nb6 20. Bf1 d5 21. e5
Nc4 22. Bxc4 dxc4 23. Rf1 Qa5 24. Kb1 c3 25. Rd3 cxb2 26. Nb3 Qc7 27. Qd2 Bd5
28. h5 Bc4 29. Rd7 Qb8 30. Rd1 Bd5 31. Rd6 Qb7 32. Nf5 Bxb3 33. axb3 Qc7 34.
Rd7 Qa5 35. Nh6+ gxh6 36. Kxb2 hxg5 37. h6 Qc5 38. Rxd8 Qc3+ 39. Kb1 Qxd2 40.
Rxf8+ Kxf8 41. Rxd2 gxf4 42. Rf2 f5 43. Rxf4 a5 44. Rf2 Rc5 45. Re2 Kf7 46. Rg2
Rxe5 47. Rg7+ Kf6 48. Rxh7 Kg6 49. Rh8 Re1+ 50. Kb2 Rh1 51. Ra8 Rxh6 52. Rxa5
f4 53. Rb5 f3 54. Re5 f2 55. Rxe6+ Kg5 56. Re5+ Kg4 57. Re4+ 0-1

[Event "DVM U14 2010"]
[Site "Magdeburg GER"]
[Date "2010.12.27"]
[Round "2"]
[White "Linnemann, Niklas"]
[Black "Beck, Oliver"]
[Result "1-0"]
[Termination "normal"]
[Board "7.2"]
[WhiteElo "1861"]
[BlackElo "1326"]
[WhiteTeam "TuS Coswig 1920"]
[BlackTeam "Brackweder SK"]
[PlyCount "79"]
[WhiteFideId "24695645"]
[BlackFideId "12927635"]
[EventCountry "GER"]
[EventRounds "7"]
[EventType "team-swiss"]
[EventDate "2010.12.26"]

1. e4 c5 2. Nf3 Nc6 3. d4 cxd4 4. Nxd4 Nf6 5. Nc3 e5 6. Ndb5 d6 7. Bg5 a6 8.
Na3 b5 9. Nd5 Be7 10. Bxf6 Bxf6 11. Nxf6+ Qxf6 12. c3 O-O 13. Be2 Rd8 14. Nc2
Be6 15. Ne3 Rac8 16. a4 Rb8 17. axb5 axb5 18. Ra6 Bd7 19. Nd5 Qg5 20. h4 Qxg2
21. Bf3 Qg6 22. Rxc6 Qe6 23. Nc7 Qe7 24. Rxd6 Be8 25. Nxe8 Qxe8 26. Rxd8 Rxd8
27. Qe2 Qc6 28. O-O Rd6 29. h5 Rf6 30. Rd1 h6 31. Bg4 Rf4 32. f3 b4 33. cxb4
Qb6+ 34. Kh2 Qxb4 35. Qc2 Qe7 36. Qc8+ Kh7 37. Bf5+ Rxf5 38. Qxf5+ Kg8 39. Qg4
Qc7 40. Rg1 1-0

[Event "DVM U14 2010"]
[Site "Magdeburg GER"]
[Date "2010.12.27"]
[Round "2"]
[White "Schmitt, Matthias"]
[Black "Pührer, Anne"]
[Result "1-0"]
[Termination "normal"]
[Board "7.3"]
[WhiteElo "1444"]
[BlackElo "1714"]
[WhiteTeam "Brackweder SK"]
[BlackTeam "TuS Coswig 1920"]
[PlyCount "75"]
[WhiteFideId "12927643"]
[BlackFideId "24692247"]
[EventCountry "GER"]
[EventRounds "7"]
[EventType "team-swiss"]
[EventDate "2010.12.26"]

1. e4 c5 2. Nf3 d6 3. d4 cxd4 4. Nxd4 Nf6 5. Nc3 a6 6. Be3 e6 7. Bd3 Be7 8. O-O
Nbd7 9. Qf3 Qc7 10. Rfe1 Ne5 11. Qg3 Ng6 12. Rad1 Bd7 13. Be2 Rc8 14. f4 Qa5
15. Nb3 Qd8 16. Qf2 Rxc3 17. bxc3 Nxe4 18. Qf3 Nxc3 19. Ra1 Bc6 20. Qf2 Bh4 21.
g3 Ne4 22. Qf1 Bf6 23. Nd4 Nd2 24. Qf2 Ne4 25. Qf1 Nc3 26. Nxc6 Nxe2+ 27. Qxe2
bxc6 28. Rab1 Bc3 29. Red1 a5 30. Qc4 Bb4 31. c3 Ba3 32. Rb3 O-O 33. Rxa3 Qc7
34. Rb3 d5 35. Qd4 Rc8 36. Qb6 Qd6 37. Bc5 Qd7 38. Qxa5 1-0

[Event "DVM U14 2010"]
[Site "Magdeburg GER"]
[Date "2010.12.27"]
[Round "2"]
[White "Bechler, Lukas"]
[Black "Hoffmann, Thiemo"]
[Result "0-1"]
[Termination "normal"]
[Board "7.4"]
[WhiteElo "1430"]
[BlackElo "1401"]
[WhiteTeam "TuS Coswig 1920"]
[BlackTeam "Brackweder SK"]
[PlyCount "123"]
[WhiteFideId "12927597"]
[EventCountry "GER"]
[EventRounds "7"]
[EventType "team-swiss"]
[EventDate "2010.12.26"]

1. f4 c5 2. Nf3 Nc6 3. e3 g6 4. Be2 Bg7 5. O-O Nf6 6. c4 d6 7. Nc3 O-O 8. b3 b6
9. Bb2 Bb7 10. Nb5 a6 11. Na3 Qc7 12. Nc2 Rfe8 13. d4 Ne4 14. Qd3 Rad8 15. Qxe4
Nb4 16. d5 Bxb2 17. Rab1 Bc8 18. Nh4 Bf6 19. Nxb4 cxb4 20. f5 Bxh4 21. Qxh4
Bxf5 22. e4 Qc5+ 23. Kh1 Bd7 24. Qf4 Rf8 25. Rf3 e5 26. Qh6 f5 27. Rbf1 f4 28.
h3 Rf7 29. g3 Rdf8 30. Kg2 Qd4 31. Bd3 Qb2+ 32. R1f2 Qd4 33. Bb1 a5 34. Bc2 Qa1
35. Bd3 Be8 36. g4 Rg7 37. Qg5 Rd7 38. Qh6 Bf7 39. g5 Ra7 40. Re2 a4 41. Qh4
axb3 42. axb3 Rfa8 43. Bc2 Ra2 44. Qf2 Rb8 45. Qf1 Qxf1+ 46. Rxf1 Kg7 47. Kf3
h5 48. Rff2 Be8 49. Bd3 Ra3 50. Rb2 Rc8 51. Be2 Bd7 52. Kg2 Kf8 53. Bd1 Ke7 54.
Ra2 Rxa2 55. Rxa2 b5 56. cxb5 Bxb5 57. Rd2 Ra8 58. h4 Kd7 59. Be2 Kc7 60. Kf2
Kb6 61. Rc2 Be8 62. Bc4 {Rest unklar} 0-1

[Event "DVM U14 2010"]
[Site "Magdeburg GER"]
[Date "2010.12.27"]
[Round "2"]
[White "Jansen, Lauritz"]
[Black "Viereck, Marten"]
[Result "0-1"]
[Termination "normal"]
[Board "8.1"]
[WhiteElo "1790"]
[BlackElo "1915"]
[WhiteTeam "SG KK Hohentübingen"]
[BlackTeam "SV Dresden-Striessen 1990"]
[PlyCount "84"]
[WhiteFideId "4641418"]
[BlackFideId "24692190"]
[EventCountry "GER"]
[EventRounds "7"]
[EventType "team-swiss"]
[EventDate "2010.12.26"]

1. d4 c5 2. d5 e5 3. e4 Nf6 4. Bg5 d6 5. Nd2 Be7 6. Bb5+ Nbd7 7. a4 O-O 8. Qe2
Nxd5 9. Bxe7 Nxe7 10. Nc4 Nb6 11. Rd1 Nxc4 12. Bxc4 Qa5+ 13. c3 Qxa4 14. Rxd6
Ng6 15. g3 a6 16. Bd5 Qa1+ 17. Qd1 Qxb2 18. c4 Qc3+ 19. Kf1 Be6 20. Bxb7 Qxc4+
21. Kg2 Ra7 22. Bd5 Bxd5 23. exd5 Qd4 24. Qc2 c4 25. Nf3 Qc5 26. Rc6 Qxd5 27.
Rxc4 f5 28. Rd1 Qa8 29. Qb3 Kh8 30. Kg1 h6 31. Rd6 e4 32. Rxg6 exf3 33. Qc3 Qe8
34. Rxh6+ Kg8 35. Rd6 Qe2 36. Rf4 Rb7 37. Qc1 Rfb8 38. Rd1 Rc7 39. Qa1 Rb2 40.
Rd8+ Kh7 41. Rxf3 Rcb7 42. Qa4 Rb1+ 0-1

[Event "DVM U14 2010"]
[Site "Magdeburg GER"]
[Date "2010.12.27"]
[Round "2"]
[White "Christen, Alexander"]
[Black "Reimer, Benedict"]
[Result "0-1"]
[Termination "normal"]
[Board "8.2"]
[WhiteElo "1474"]
[BlackElo "1440"]
[WhiteTeam "SV Dresden-Striessen 1990"]
[BlackTeam "SG KK Hohentübingen"]
[PlyCount "132"]
[WhiteFideId "12927660"]
[BlackFideId "24662364"]
[EventCountry "GER"]
[EventRounds "7"]
[EventType "team-swiss"]
[EventDate "2010.12.26"]

1. e4 c5 2. Nf3 e6 3. Nc3 a6 4. d3 Qc7 5. g3 b6 6. Bg2 Bb7 7. O-O d6 8. Be3 Nf6
9. Qd2 Be7 10. Ne2 Nbd7 11. c3 d5 12. exd5 Nxd5 13. d4 O-O 14. dxc5 Bxc5 15.
Bxc5 Nxc5 16. Nfd4 Rfd8 17. Qg5 h6 18. Qg4 Nf6 19. Qh3 Rac8 20. Bxb7 Qxb7 21.
Qg2 Qe4 22. Qxe4 Nfxe4 23. f3 Ng5 24. h4 Nh7 25. Rad1 Rd6 26. f4 Nf6 27. Nc1
Ng4 28. Rfe1 Rcd8 29. Nd3 Nxd3 30. Rxd3 f6 31. Rf3 e5 32. Nf5 Rd1 33. Rff1 Rxe1
34. Rxe1 Rd2 35. fxe5 Nxe5 36. Rb1 Nf3+ 37. Kf1 Kf7 38. Ne3 Rh2 39. Rd1 Rxb2
40. Rd6 Nd2+ 41. Ke1 Ne4 42. Rd7+ Kg6 43. Nc4 Rxa2 44. Nxb6 Nxc3 45. Rd3 Ne4
46. Nd5 h5 47. Nf4+ Kh6 48. Rd5 Nxg3 49. Rd8 Kh7 50. Ne6 Re2+ 51. Kd1 Rxe6 52.
Kd2 Nf5 53. Kc2 Rb6 54. Rd5 Ne3+ 55. Kd3 Nxd5 56. Ke4 Ne7 57. Kd4 Rc6 58. Ke4
a5 59. Kf3 a4 60. Kg3 a3 61. Kg2 a2 62. Kg3 a1=Q 63. Kf3 Qd4 64. Kg2 Qd3 65.
Kh1 Rc2 66. Kg1 Qd1# 0-1

[Event "DVM U14 2010"]
[Site "Magdeburg GER"]
[Date "2010.12.27"]
[Round "2"]
[White "Walczak, Charley"]
[Black "Migesel, Philipp"]
[Result "1-0"]
[Termination "normal"]
[Board "8.4"]
[WhiteElo "1131"]
[BlackElo "1070"]
[WhiteTeam "SV Dresden-Striessen 1990"]
[BlackTeam "SG KK Hohentübingen"]
[PlyCount "29"]
[WhiteFideId "12927686"]
[BlackFideId "1270285"]
[EventCountry "GER"]
[EventRounds "7"]
[EventType "team-swiss"]
[EventDate "2010.12.26"]

1. e4 e5 2. Nf3 Nc6 3. Bc4 Bc5 4. c3 Nf6 5. d4 exd4 6. cxd4 Bb4+ 7. Bd2 Bxd2+
8. Nbxd2 O-O 9. O-O d5 10. exd5 Nxd5 11. Qb3 Nb6 12. Rfe1 Nxd4 13. Nxd4 Qxd4
14. Bxf7+ Rxf7 15. Re8# 1-0

[Event "DVM U14 2010"]
[Site "Magdeburg GER"]
[Date "2010.12.28"]
[Round "3"]
[White "Urban, Lars"]
[Black "Grötzbach, Julian"]
[Result "1-0"]
[Termination "normal"]
[Board "1.1"]
[WhiteElo "1881"]
[BlackElo "1879"]
[WhiteTeam "SV Empor Erfurt"]
[BlackTeam "Hamburger SK von 1830"]
[PlyCount "105"]
[WhiteFideId "4644034"]
[BlackFideId "24600938"]
[EventCountry "GER"]
[EventRounds "7"]
[EventType "team-swiss"]
[EventDate "2010.12.26"]

1. d4 Nf6 2. c4 g6 3. Nc3 Bg7 4. e4 d6 5. f3 O-O 6. Be3 Nc6 7. Nge2 a6 8. Qd2
Rb8 9. Nc1 e5 10. d5 Nd4 11. Nb3 Nxb3 12. axb3 c5 13. Be2 Nh5 14. g4 Nf6 15.
Kd1 Bd7 16. h4 Qc8 17. h5 Re8 18. Bg5 b5 19. Kc2 bxc4 20. Bxc4 Bb5 21. hxg6
fxg6 22. Bxb5 axb5 23. Bxf6 Bxf6 24. Ra7 Rb7 25. Nxb5 Rd8 26. g5 Bh8 27. Qa5
Rxa7 28. Nxa7 Qd7 29. Qb6 Bg7 30. Nb5 Bf8 31. Qc7 Qxc7 32. Nxc7 Rd7 33. Ne6 Rf7
34. Rh3 Rb7 35. Kc3 Bg7 36. Rh1 Rf7 37. Rf1 Rb7 38. Ra1 h6 39. gxh6 Bxh6 40.
Ra8+ Kh7 41. Ra6 Rd7 42. b4 cxb4+ 43. Kxb4 Rb7+ 44. Kc3 Rd7 45. Kc4 Rf7 46.
Rxd6 Rxf3 47. Rd7+ Kg8 48. d6 Rf7 49. Rd8+ Kh7 50. d7 g5 51. Rh8+ Kxh8 52.
d8=Q+ Kh7 53. Nxg5+ 1-0

[Event "DVM U14 2010"]
[Site "Magdeburg GER"]
[Date "2010.12.28"]
[Round "3"]
[White "Grötzbach, Daniel"]
[Black "Zahn, Alina"]
[Result "1/2-1/2"]
[Termination "normal"]
[Board "1.2"]
[WhiteElo "1775"]
[BlackElo "1584"]
[WhiteTeam "Hamburger SK von 1830"]
[BlackTeam "SV Empor Erfurt"]
[PlyCount "131"]
[WhiteFideId "24692166"]
[BlackFideId "24696730"]
[EventCountry "GER"]
[EventRounds "7"]
[EventType "team-swiss"]
[EventDate "2010.12.26"]

1. e4 e5 2. Nf3 Nc6 3. Bb5 a6 4. Ba4 Nf6 5. O-O b5 6. Bb3 Be7 7. Re1 d6 8. c3
O-O 9. h3 Na5 10. Bc2 c5 11. d4 Qc7 12. Nbd2 Re8 13. d5 h6 14. Nf1 Bf8 15. Ng3
g6 16. Nh2 Bg7 17. b3 Nb7 18. Be3 c4 19. b4 a5 20. a3 axb4 21. axb4 Bd7 22. Qc1
Kh7 23. Ra3 Rec8 24. Qb2 Qd8 25. Rea1 Ng8 26. Ra7 Rab8 27. Qa3 Qe7 28. Qa6 Nd8
29. Bb6 Nf6 30. Bc7 Rxc7 31. Rxc7 Ne8 32. Ra7 Bf8 33. Qa3 Nf6 34. Qc1 Qe8 35.
Qe3 Bg7 36. Rc7 Rc8 37. Qb6 Rxc7 38. Qxc7 Bf8 39. Ra8 Be7 40. Ne2 h5 41. f4
exf4 42. Nxf4 Kh6 43. Nf3 Nh7 44. e5 dxe5 45. Nxe5 Bh4 46. g3 Bf6 47. Kf2 Bxe5
48. Qxd8 Qxd8 49. Rxd8 Nf6 50. Ne2 Bc7 51. Ra8 Nxd5 52. h4 Bb6+ 53. Ke1 Ne3 54.
Be4 Ng4 55. Rb8 Bf2+ 56. Kf1 Be3 57. Bb7 Ne5 58. Kg2 Bg4 59. Re8 f6 60. Nf4 Bd2
61. Ba6 Bxc3 62. Bxb5 Bxb4 63. Bxc4 Bf3+ 64. Kf2 Bc5+ 65. Ke1 Bb4+ 66. Kf2
1/2-1/2

[Event "DVM U14 2010"]
[Site "Magdeburg GER"]
[Date "2010.12.28"]
[Round "3"]
[White "Schneider, Jan"]
[Black "Kramer, Julian"]
[Result "1-0"]
[Termination "normal"]
[Board "1.3"]
[WhiteElo "1765"]
[BlackElo "1816"]
[WhiteTeam "SV Empor Erfurt"]
[BlackTeam "Hamburger SK von 1830"]
[PlyCount "107"]
[WhiteFideId "24678716"]
[BlackFideId "12921742"]
[EventCountry "GER"]
[EventRounds "7"]
[EventType "team-swiss"]
[EventDate "2010.12.26"]

1. d4 Nf6 2. c4 e6 3. Nc3 Bb4 4. Bd2 O-O 5. Nf3 c5 6. dxc5 Bxc5 7. e3 Nc6 8.
Be2 d5 9. O-O Ne4 10. a3 Bd6 11. Qc2 Nxd2 12. Qxd2 dxc4 13. Rfd1 Be7 14. Bxc4
a6 15. Bd3 Qc7 16. Qc2 h6 17. Rac1 Rd8 18. Qe2 Bd7 19. Ne4 Rac8 20. h3 Qb8 21.
b4 e5 22. Nc5 Bxc5 23. Rxc5 Be6 24. Rdc1 Qd6 25. Be4 f6 26. Bxc6 Rxc6 27. Rxc6
bxc6 28. Qxa6 Bd5 29. Rd1 Qc7 30. Qd3 e4 31. Qd4 exf3 32. e4 fxg2 33. exd5 Rxd5
34. Qc4 Qd7 35. Kxg2 Kf8 36. Rxd5 Qxd5+ 37. Qxd5 cxd5 38. Kf3 Ke7 39. b5 g5 40.
b6 Kd6 41. Ke3 Kc6 42. Kd4 h5 43. b7 Kxb7 44. Kxd5 h4 45. Ke4 Ka6 46. Kf5 Ka5
47. f4 gxf4 48. Kxf4 Ka4 49. Kg4 f5+ 50. Kxh4 Kxa3 51. Kg5 Kb4 52. h4 Kc5 53.
h5 Kd6 54. h6 1-0